Datum a čas kvízu
33.5
Celkem bodů
Celkový počet nahraných bodů na tomto kvízu bez doplňovacích otázek.
4.
Pořadí na kvízu
Konečné umístění týmu na tomto kvízu.
Zaznamenané odpovědi
| # | Otázka | Odpověď | Body | Výsledky |
|---|---|---|---|---|
| 1. | Ve čtvrtek jsme se dozvěděli,... | Rohlík.cz | 1 | |
| 2. | Obyvatelé jisté země schválili... | v Kataru | 0 | |
| 3. | Který bývalý člen kanceláře pr... | Jiří Ovčáček | 1 | |
| 4. | Řetězec Pepco se pod tlakem zá... | C) zkušební kabiny | 1 | |
| 5. | Minulý týden se na sociálních... | Zachytil se (kopačkou) do sítě. | 0 | |
| 6. | Robin Hood je britsko-americký... | Ridley Scott, Russel Crowe | 1 | |
| 7. | Přiřaďte následující herce k p... | 1A 2D 3B 4C | 1 | |
| 8. | Německý film režiséra Edwarda... | Na západní frontě klid, Erich Maria Remarque | 1 | |
| 9. | Protektor je film režiséra Mar... | Jana Plodková, Marek Daniel | 0.5 | |
| 10. | Napište název filmu, z něhož p... | Apokalypsa/Apocalypse Now | 0 |